Kārabārera byabasthāpanā o paricālanā. (Record no. 81140)

MARC details
000 -LEADER
fixed length control field 00623cam a22002411 4500
001 - CONTROL NUMBER
control field sa 68006169
003 - CONTROL NUMBER IDENTIFIER
control field DLC
005 - DATE AND TIME OF LATEST TRANSACTION
control field 20260227112514.0
008 - FIXED-LENGTH DATA ELEMENTS--GENERAL INFORMATION
fixed length control field 890420s1967 xx 000 0 hino
010 ## - LIBRARY OF CONGRESS CONTROL NUMBER
LC control number sa 68006169
035 ## - SYSTEM CONTROL NUMBER
System control number (OCoLC)23547302
040 ## - CATALOGING SOURCE
Original cataloging agency DLC
Transcribing agency MiU
Modifying agency DLC
042 ## - AUTHENTICATION CODE
Authentication code premarc
043 ## - GEOGRAPHIC AREA CODE
Geographic area code a-pk---
050 00 - LIBRARY OF CONGRESS CALL NUMBER
Classification number HD37.B4
Item number B47
100 1# - MAIN ENTRY--PERSONAL NAME
Personal name Bhattacharjee, Durgadas.
245 10 - TITLE STATEMENT
Title Kārabārera byabasthāpanā o paricālanā.
260 ## - PUBLICATION, DISTRIBUTION, ETC.
Date of publication, distribution, etc. [1967]
300 ## - PHYSICAL DESCRIPTION
Extent 2, 11, 4, 568 p.
Other physical details illus.
Dimensions 22 cm.
500 ## - GENERAL NOTE
General note Romanized.
650 #0 - SUBJECT ADDED ENTRY--TOPICAL TERM
Topical term or geographic name entry element Management
650 #0 - SUBJECT ADDED ENTRY--TOPICAL TERM
Topical term or geographic name entry element Industrial management
Geographic subdivision Pakistan.

No items available.

Powered by Koha